Quiz club de ligue 1 22/23 - Statistiques

Statistiques générales
  • Ce quiz a été pris 187 fois
  • Le résultat moyen est 13 sur 20
Statistiques - réponses
Question Réponse % Correct
Qui sont les deux anciens joueurs de l'OL qui font leurs retours cette saison ? Corentin Tolisso / Alexandre Lacazette
97%
Quel club Corse est promu cette saison ? AC Ajaccio
94%
Quel joueur est arrivé à l'OM avec un nom bien connu ? Luis Suarez
89%
Lequel de ces champions du monde a joué à l'OGC Nice ? Hugo Lloris
88%
Quel club étrangé est devenu en 2020 actionnaire majoritaire de l'ESTAC de Troyes ? Manchester City
86%
Lors de la saison 2020/2021, le FC Nantes a connu 3 entraineurs (hors intérim), lequel est resté le moins de temps ? Raymond Domenech
84%
Quel est la recrue la plus chère du LOSC cette saison ? Mohamed Bayo
79%
Enfin, contre quelle équipe le Stade de Reims a t-il perdu deux finales de ligue des champions dans les années 60 ? Real Madrid
78%
Comment se nomme le nouvel entraineur du FC Lorient ? Régis Le Bris
78%
Contre quelle équipe le Stade Rennais a gagné la Coupe de France en 2019 ? Paris-Saint-Germain
70%
Quel est le nom du stade du Clermont foot 63 ? Stade Gabriel-Montpied
69%
Comment le TFC (Toulouse) recrute la plupart de ses joueurs ? En s'appuyant sur des données statistiques
68%
Quel joueur du RC Lens est passé par ces clubs : Béziers / Montpellier / Grenoble Florian Sotoca
60%
Quelle était la dernière année de l'AJ Auxerre en Ligue 1 avant cette saison 2011/2012
53%
Où aurait du jouer Vitorino Hilton après le MHSC (Montpellier) si son contrat avait été autorisé ? FC Sète
52%
Quelle est la particularité du SCO d'Angers cette saison ? Une nouvelle tribune a été construite
52%
Contre quelle équipe le RC Strasbourg a perdu son match de barrage de Ligue Europa en 2019 ? Eintracht Francfort
45%
Combien de joueurs français compte le PSG dans son effectif professionnel ? (Hors groupe élite) 5
43%
Quel est le deuxième gardien de l'AS Monaco ? Thomas Didillon
39%
Quelle est la devise du Stade Brestois ? "Arrivé en bas, on ne peut que monter"
14%
Aucun quiz correspondant
Distribution des résultats
% des personnes avec chaque résultat
Percentile par nombre de réponses
Votre historique - résultats
Vous n’avez pas pris ce quiz